BUBT Library Online Catalog

Basic Marketing : A Global - Managerial Approach / (Record no. 1684)

000 -LEADER
fixed length control field 00622nam a2200205Ia 4500
003 - CONTROL NUMBER IDENTIFIER
control field BUBTL
008 - FIXED-LENGTH DATA ELEMENTS--GENERAL INFORMATION
fixed length control field 151213s9999 xx 000 0 und d
020 ## - INTERNATIONAL STANDARD BOOK NUMBER
International Standard Book Number 0072525231
082 ## - DEWEY DECIMAL CLASSIFICATION NUMBER
Classification number 658.8/ P426b/ 2005
100 ## - MAIN ENTRY--PERSONAL NAME
Personal name Perreault, William D.
9 (RLIN) 2567
245 ## - TITLE STATEMENT
Title Basic Marketing : A Global - Managerial Approach /
Statement of responsibility, etc. Wiliam D. Perreault , E.Jeromei McCarthy
250 ## - EDITION STATEMENT
Edition statement 15th ed.
260 ## - PUBLICATION, DISTRIBUTION, ETC. (IMPRINT)
Place of publication, distribution, etc. Boston
Name of publisher, distributor, etc. McGraw Hill
Date of publication, distribution, etc. c2005.
300 ## - PHYSICAL DESCRIPTION
Extent xli, 793 p . :
Other physical details ill. ;
Dimensions 28 cm.
650 ## - SUBJECT ADDED ENTRY--TOPICAL TERM
Topical term or geographic name as entry element Marketing
9 (RLIN) 2569
700 ## - ADDED ENTRY--PERSONAL NAME
Personal name McCarthy, E.Jeromei
9 (RLIN) 2568
856 ## - ELECTRONIC LOCATION AND ACCESS
Password 0
Logon 0
Link text Download
942 ## - ADDED ENTRY ELEMENTS (KOHA)
Source of classification or shelving scheme
Koha item type Books
Holdings
Withdrawn status Lost status Source of classification or shelving scheme Damaged status Not for loan Collection code Permanent location Current location Shelving location Date acquired Inventory number Total Checkouts Full call number Barcode Date last seen Copy number Price effective from Koha item type
          Non-fiction Bangladesh University of Business and Technology Library Bangladesh University of Business and Technology Library Marketing Stacks 03/24/2019 2310   658.8/PEB BUBTL-20032310 03/24/2019 C-1 03/24/2019 Books
        Not For Loan Non-fiction Bangladesh University of Business and Technology Library Bangladesh University of Business and Technology Library Marketing Stacks 08/29/2005 2309   658.8 / PEB BUBTL-20032309 12/11/2019 C-2 12/11/2019 Books

More Information About Library

Library Hours

  • Open: 9.00 am. to 9.00 pm.
  • Only Sunday: 9.00 am. to 6.00 pm.
  • Closed: Holiday

Contact to the University

Bangladesh University of Business and Technology Library

  • Mirpurl-2, 1216.
  • Phone:
  • Fax:
  • E-Mail: admin.library@bubt.edu.bd

Contact to the Library

Contact Person:

Md. Abdul Hakim Shah
Joint Librarian
PABX No:  113
Cell No: 01816332931
E-mail: official: admin.library@bubt.edu.bd
Personal: hakim.shah@bubt.edu.bd


BUBT Library

Copyright © 2021